00000000nem##2200000za#4500
0019.670102
003CaOODSP
00520210615125254
007aj |a|||
008150407|2004||||xxc||||   a##f  |   fre|d
040 |aCaOODSP|bfre
041 |aeng
041 |afre
043 |an-cn---
0861 |aM115-2/2004
1101 |aCanada. |bRessources naturelles Canada.
24510|aCanada [document cartographique] |h[document cartographique]
255 |aÉchelle 1:6,000 000
260 |aOttawa - Ontario : |bRessources naturelles Canada |c2004.
300 |a1 feuille pliée. : |bcarte en couleur ; |c90 cm.
500 |a«La carte, Amérique du Nord, MCR 31F (Ressources naturelles Canada, Ottawa, 2000) a fourni les données principales. Les lieux habités additionnels et les cartons sont dérivés de rapports du Recensement du Canada de 2001.»--Sources.
590 |a08-19|b2008-05-09
69107|aCarte géographique|2gcpds
7760#|tCanada [cartographic material] |w(CaOODSP)9.676829
791 |tCanada [cartographic material] |eeng|w(CaOODSP)9.670101